Normal view MARC view
  • Pifarre Roque & Scanlon Patrick

Entry Personal Name

Number of records used in: 1

001 - CONTROL NUMBER

  • control field: 180593

003 - CONTROL NUMBER IDENTIFIER

  • control field: OSt

005 - DATE AND TIME OF LATEST TRANSACTION

  • control field: 20230314162712.0

008 - FIXED-LENGTH DATA ELEMENTS

  • fixed length control field: 230314|| aca||aabn | a|a d

040 ## - CATALOGING SOURCE

  • Original cataloging agency: OSt
  • Transcribing agency: OSt

100 ## - HEADING--PERSONAL NAME

  • Personal name: Pifarre Roque & Scanlon Patrick

670 ## - SOURCE DATA FOUND

  • Source citation: Work cat.: (OSt)143308: Pifarre Roque & Scanlon Patrick, Evidence-based Management of the Acute Coronary Syndromes, 2000